1220 1513 1094 1910 1655 1465 1522 1786 1091 1291 1570 1224 1045 1795 1396 1650 1213 1245 1894 1152 1069 1698 1867 1242 1656 1147 1936 1725 1543 1271 1085 1556 1084 1606 1957 1526 1376 1618 1708 1201 1393 1589 1720 1308 1833 1202 1502 1216 1559 1565 1581 1542 1315 1200 1019 1386 1750 1741 1287 1733 1630 1038 1694 1718 1077 1769 1373 1616 1470 1711 1218 1903 1070 1438 1694 1478 1107 1454 1771 1053 1455 1507 1132 1516 1941 1093 1323 1127 1640 1751 1737 1657 1746 1645 1283 1365 1521 1566 1997 BCNSPRNW ULIB Ver.6.0+V

เปลี่ยนเป็นภาษาไทย

Change to English
 แสดงรายละเอียดบรรณานุกรม
  กลับหน้าหลัก

Brief Record : Get Marc (ISO 2709) : E-mail record : QR code < ปิดหน้าต่าง
LEADER : 00000nam 2200000uu 4500
001    13399115078
003     ULIB
008    120709s2550||||th 000 0 tha d
020    ^a9789749557617
060 04 ^aW13^bว585พ
100 0  ^aวิทย์ เที่ยงบูรณธรรม.
245 10 ^aพจนานุกรมวิทยาศาสตร์การแพทย์ =^bMedical sciences/^cวิทย์ เที่ยงบูรณธรรม.
246 31 ^aMedical sciences dictionary.
250    ^aพิมพ์ครั้งที่ 39
260    ^aกรุงเทพฯ :^bรวมสาสน์,^c2550.
300    ^a1287 หน้า :^bภาพประกอบ ;^c15 cm.
500    ^aSend to Single Search
650  0 ^aMedical sciences^xDictionaries.
650  0 ^aEncyclopedias and dictionaries
650  2 ^aDictionaries, Medical.
650  4 ^aวิทยาศาสตร์การแพทย์^xพจนานุกรม.
650  4 ^aแพทยศาสตร์^xพจนานุกรม.
945    ^p490^l0^i15289
945    ^p490^l0^i22154
945    ^p490^l0^i22155
945    ^p490^l0^i22156
945    ^p490^l0^i22157
945    ^p490^l0^i22158
945    ^p490^l0^i22159
945    ^p490^l0^i22160
995    ทศพร
999    ^aใช้งานได้ทุกระบบ
รายการนี้ยังไม่มีแท็ก
คุณยังไม่ได้ล็อกอิน คุณสามารถมีกิจกรรมร่วมกับเว็บไซต์ได้ แต่ต้องล็อกอินก่อน ::
  ล็อกอิน

รายการสื่อสารสนเทศ

ลำดับที่ ประเภท เลขเรียก/บาร์โค้ด สถานที่ สถานะ
1. วิทยาศาสตร์การแพทย์ และสุขภาพ
วิทยาศาสตร์การแพทย์ และสุขภาพ
W13 ว585พ ฉ.2 
  Barcode: 22154
ห้องสมุดวิทยาเขตนครสวรรค์
►หนังสือทั่วไป:l:General Books
บนชั้น
2. วิทยาศาสตร์การแพทย์ และสุขภาพ
วิทยาศาสตร์การแพทย์ และสุขภาพ
W13 ว585พ ฉ.3 
  Barcode: 22155
ห้องสมุดวิทยาเขตนครสวรรค์
►หนังสือทั่วไป:l:General Books
บนชั้น
3. วิทยาศาสตร์การแพทย์ และสุขภาพ
วิทยาศาสตร์การแพทย์ และสุขภาพ
W13 ว585พ ฉ.4 
  Barcode: 22156
ห้องสมุดวิทยาเขตนครสวรรค์
►หนังสือทั่วไป:l:General Books
บนชั้น
4. วิทยาศาสตร์การแพทย์ และสุขภาพ
วิทยาศาสตร์การแพทย์ และสุขภาพ
W13 ว585พ ฉ.5 
  Barcode: 22157
ห้องสมุดวิทยาเขตนครสวรรค์
►หนังสือทั่วไป:l:General Books
บนชั้น
5. วิทยาศาสตร์การแพทย์ และสุขภาพ
วิทยาศาสตร์การแพทย์ และสุขภาพ
W13 ว585พ ฉ.6 
  Barcode: 22158
ห้องสมุดวิทยาเขตนครสวรรค์
►หนังสือทั่วไป:l:General Books
บนชั้น
6. วิทยาศาสตร์การแพทย์ และสุขภาพ
วิทยาศาสตร์การแพทย์ และสุขภาพ
W13 ว585พ ฉ.7 
  Barcode: 22159
ห้องสมุดวิทยาเขตนครสวรรค์
►หนังสือทั่วไป:l:General Books
บนชั้น
7. วิทยาศาสตร์การแพทย์ และสุขภาพ
วิทยาศาสตร์การแพทย์ และสุขภาพ
W13 ว585พ ฉ.8 
  Barcode: 22160
ห้องสมุดวิทยาเขตนครสวรรค์
►หนังสือทั่วไป:l:General Books
บนชั้น

รายการใกล้เคียง
    ผู้แต่ง [วิทย์ เที่ยงบูรณธรรม.]

    หัวเรื่อง [Encyclopedias and dictionaries]
    หัวเรื่อง [Dictionaries, Medical.]

BibComment


ยังไม่เคยถูกคอมเมนท์

คอมเมนท์ทรัพยากรรายการนี้
  คอมเมนท์: พจนานุกรมวิทยาศา..


 Copyright 2026. Bcnsprnw @Library